El principio de igualdad en las normas jurídicas: (Registro nro. 20465)

Detalles MARC
000 -Cabecera
Campo de control interno 00629nam a2200181Ia 4500
005 - Fecha y hora del registro
control field 20260306172808.0
008 - Elementos de Longitud Fija
fixed length control field 260306t2012||||xx |||||||||||||| ||spa||
041 ## - Idioma
Codigo Idioma ESP
082 ## - DEWEY y NOTACIÓN INTERNA
Dewey 343.28
Notación Interna D75
100 ## - AUTOR
Autor denominación Dieder, María Marta
Término de relación autor
245 #0 - TÍTULO DE MATERIAL BIBLIOGRÁFICO
Título El principio de igualdad en las normas jurídicas:
Título paralelo estudio de la doctrina de la Corte Suprema de Argentina y su vinculación con los estándares de constitucionalidad de la jurisprudencia de la Corte Suprema de los Estados Unidos
260 ## - CIUDAD, EDITORIAL, AÑO
Año 2012
300 ## - DESCRIPCIÓN
N° Páginas 383 páginas :
Dimensiones 24 cm.
650 ## - TEMAS
Temas Generalidades
654 ## - PROGRAMAS
Programa Dpto. de Derecho y Ciencia Política
942 ## - ELEMENTOS DE KOHA
Tipo de documento Libro
Nombre del creador Justo Noguera
Código de catalogador Justo Noguera
Esquema de clasificación Dewey Decimal Classification
Suppress in OPAC
Existencias
Codigo completo Registro Colección Copia número Disponibilidad Tipo de préstamo Biblioteca Actual Procedencia (Biblioteca) Ubicacón Fecha Ingreso Tipo de Adquisición Date last seen Total checkouts Price effective from Tipo de Item Estado del Material Fuente de Clasificación Damaged status Withdrawn status
343.28 D75 1011892 Universidad Católica San Pablo 1 Disponible Disponible Víctor Andrés Belaunde Víctor Andrés Belaunde Primer piso 03/06/2026 Compra 06/03/2026   06/03/2026 Libro Bueno Dewey Decimal Classification